Middle East A-Z #3 - Statistics

General Stats
  • This quiz has been taken 553 times
  • The average score is 14 of 25
Answer Stats
Hint Answer % Correct
I Country invaded by the US in 1991 and 2003 Iraq
96%
E Home to Cleopatra, Nasser, and Mubarak Egypt
94%
J Ancient city fought over by many different religions Jerusalem
93%
O Empire that controlled most of the Middle East until WW1 Ottoman
92%
B Ancient city of hanging gardens Babylon
89%
K Unrecognized country between Iraq, Iran, Turkey and Syria Kurdistan
82%
T River parallel to the Euprhates Tigris
80%
F Fried ball of ground chickpeas Falafel
75%
S Peninsula ceded back to "E" in 1981 Sinai
73%
A Largest city in Syria, formerly Aleppo
71%
H Political faction and terrorist group of Lebanon Hizbollah
66%
Q The final revelation given to Muhammad Qur'an
63%
C Form of government wished for by ISIS and bin Laden Caliphate
61%
G Most commonly spoken language until at least the 7th century Greek
56%
L British officer that helped organize a revolt against "O" Lawrence
49%
W Scarce resource imported in record quantities water
49%
D Arabic name for Islamic State Daesh
43%
P Ancient civilization that colonized much of the Mediterranean Phoenicia
41%
Y Local deity worshiped in Samaria and Judah Yahweh
25%
M Largest Christian group in Lebanon Maronite
24%
V Large city in Eastern Turkey Van
23%
N Neo-Assyrian capital city Nineveh
20%
U Muslim pilgrimage to Mecca not during Hajj Umrah
19%
R City in "I" fought over in 2014 and 2015 Ramadi
5%
Z Led Jews out of captivity in "B" and laid the foundation of the 2nd Temple Zerubbabel
2%
No matching quizzes found
Score Distribution
Percent of People with Each Score
Percentile by Number Answered
Your Score History
You have not taken this quiz